| 000 | 00819nam a2200205 a 4500 | ||
|---|---|---|---|
| 003 | 0 | ||
| 005 | 20250317155456.0 | ||
| 008 | 071127s19uu xx 00 eng d | ||
| 050 |
_aPGS QR 82.B3.G74 _b.K49 2007 |
||
| 100 | _aKim, Man Soo. | ||
| 245 |
_aThe effect of different concentration of Camellia sinensis (green tea) extract on the growth of Staphylococcus aureus / _cMan Soo Kim. |
||
| 260 |
_aLas PiƱas City, Philippines : _bSouthville International School and Colleges, _c2007. |
||
| 300 |
_a20 pages : _billustrations ; _c28 cm. |
||
| 504 | _aIncludes bibliographic references. | ||
| 650 |
_aStaphylococcus aureus _vGrowth. |
||
| 650 |
_aCamellia sinensis _vTherapeutic use. |
||
| 650 |
_aGreen tea _vAntibacterial properties. |
||
| 650 |
_aPlant extracts _vPharmacological aspects. |
||
| 942 |
_2lcc _cPASS |
||
| 999 |
_c97734 _d97734 |
||